MARC details
| 000 -CABECERA |
| campo de control de longitud fija |
02318cam a2200289 i 4500 |
| 001 - NÚMERO DE CONTROL |
| campo de control |
17600194 |
| 005 - FECHA Y HORA DE LA ÚLTIMA TRANSACCIÓN |
| campo de control |
20250408083533.0 |
| 008 - DATOS DE LONGITUD FIJA--INFORMACIÓN GENERAL |
| campo de control de longitud fija |
240603s2025 njua b 001 0 eng |
| 010 ## - NÚMERO DE CONTROL DE LA BIBLIOTECA DEL CONGRESO |
| Número de control de LC |
2024023869 |
| 020 ## - NÚMERO INTERNACIONAL ESTÁNDAR DEL LIBRO |
| Número Internacional Estándar del Libro |
9781394251599 |
| 024 8# - IDENTIFICADOR DE OTROS ESTÁNDARES |
| Número estándar o código |
40032604231 |
| 035 ## - NÚMERO DE CONTROL DEL SISTEMA |
| Número de control de sistema |
(DLC) 2024023869 |
| 035 ## - NÚMERO DE CONTROL DEL SISTEMA |
| Número de control de sistema |
17600194 |
| 040 ## - FUENTE DE LA CATALOGACIÓN |
| Centro catalogador/agencia de origen |
DLC |
| Lengua de catalogación |
eng |
| Normas de descripción |
rda |
| Centro/agencia transcriptor |
DLC |
| Centro/agencia modificador |
OCLCO |
| -- |
IG# |
| -- |
YDX |
| -- |
CtY |
| 041 ## - CÓDIGO DE LENGUA |
| Código de lengua del texto/banda sonora o título independiente |
eng |
| 042 ## - CÃDIGO DE AUTENTICACIÃN |
| Código de autenticación |
pcc |
| 050 00 - SIGNATURA TOPOGRÁFICA DE LA BIBLIOTECA DEL CONGRESO |
| Número de clasificación |
HD30.28 |
| Número de documento/Ítem |
.G722 2025 |
| 100 ## - ENTRADA PRINCIPAL--NOMBRE DE PERSONA |
| Nombre de persona |
Grant, Robert M. |
| Fechas asociadas al nombre |
1948- |
| Término indicativo de función/relación |
author |
| 9 (RLIN) |
20619 |
| 245 10 - MENCIÓN DE TÍTULO |
| Título |
Contemporary strategy analysis |
| Mención de responsabilidad, etc. |
/ Robert M. Grant. |
| 250 ## - MENCIÓN DE EDICIÓN |
| Mención de edición |
Twelfth edition. |
| 260 ## - PUBLICACIÓN, DISTRIBUCIÓN, ETC. |
| Lugar de publicación, distribución, etc. |
Hoboken, NJ : |
| Nombre del editor, distribuidor, etc. |
John Wiley & Sons, Inc., |
| Fecha de publicación, distribución, etc. |
2025. |
| 300 ## - DESCRIPCIÓN FÍSICA |
| Extensión |
xi, 459, G-7, I-20 pages : |
| Otras características físicas |
illustrations ; |
| Dimensiones |
26 cm. |
| 504 ## - NOTA DE BIBLIOGRAFÍA, ETC. |
| Nota de bibliografía, etc. |
Includes bibliographical references and index. |
| 520 ## - SUMARIO, ETC. |
| Sumario, etc. |
A market-leading title across the world in upper-level undergraduate and MBA courses, Contemporary Strategy Analysis combines a rigorous approach to business strategy analysis with highly relevant examples of current practice and a rich collection of case studies. With a lively narrative style, expert strategist and lecturer Robert M. Grant introduces students to some of the latest thinking in the strategy field while addressing the strategic issues that business enterprises face today.<br/><br/>Designed to be accessible for students from different backgrounds with varying levels of experience, the twelfth edition of Contemporary Strategy Analysis builds upon its tradition of clarity of exposition, emphasis on practicality, and concentration on the fundamentals of value creation and appropriation. A wide range of contemporary topics are presented alongside fully integrated business models, real-world examples of business model innovation, and practical tools for formulating and implementing business strategies.<br/><br/>Contemporary Strategy Analysis, Twelfth Edition, remains the ideal textbook for core strategy courses in Business Studies, Management, and MBA programs, as well as for executive courses on competitive strategy, corporate strategy, and management consulting skills. It is also a valuable resource for managers, business owners, founders, and other professionals who are responsible for the strategic direction of a modern enterprise. |
| 650 #0 - PUNTO DE ACCESO ADICIONAL DE MATERIA--TÉRMINO DE MATERIA |
| Término de materia o nombre geográfico como elemento de entrada |
Strategic planning |
| 9 (RLIN) |
3573 |
| 942 ## - ELEMENTOS DE ENTRADA AGREGADA (KOHA) |
| Fuente del sistema de clasificación o colocación |
Clasificación de Library of Congress |